Act for Better Child Care Services of 1989 : hearing before the Subcommittee on Children, Family, Drugs, and Alcoholism of the Committee on Labor and Human Resources, United States Senate, One Hundred First Congress, first session on S. 5 ... January 24, 1989.

Bibliographic Details
Corporate Authors: United States. Congress. Senate. Committee on Labor and Human Resources. Subcommittee on Children, Family, Drugs and Alcoholism, ProQuest (Firm)
Format: Government Document eBook
Language:English
Published: Washington : U.S. G.P.O., 1989.
Series:U.S. Congressional Hearings.
Subjects:
Online Access:Connect to the full text of this electronic book

MARC

Tag First Indicator Second Indicator Subfields
LEADER 00000cam a22000001a 4500
001 in00003290339
006 m d f
007 cr bn mmmapmmp
008 091021s1989 dcua o f000 0 eng d
005 20260604205426.0
035 |a cis2007456310 
040 |a UMI  |c UMI  |d UtOrBLW 
043 |a n-us--- 
074 |a 1043-A, 1043-B (microfiche) 
086 0 |a Y 4.L 11/4:S.hrg.101-135 
099 |a HRG-1989-LHR-0013 
110 1 |a United States.  |b Congress.  |b Senate.  |b Committee on Labor and Human Resources.  |b Subcommittee on Children, Family, Drugs and Alcoholism. 
245 1 0 |a Act for Better Child Care Services of 1989 :  |b hearing before the Subcommittee on Children, Family, Drugs, and Alcoholism of the Committee on Labor and Human Resources, United States Senate, One Hundred First Congress, first session on S. 5 ... January 24, 1989. 
264 1 |a Washington :  |b U.S. G.P.O.,  |c 1989. 
300 |a 1 online resource. 
336 |a text  |b txt  |2 rdacontent 
337 |a computer  |b c  |2 rdamedia 
338 |a online resource  |b cr  |2 rdacarrier 
490 1 |a S. hrg. ;  |v 101-135 
500 |a Record is based on bibliographic data in ProQuest Congressional Hearings Digital Collection. Reuse except for individual research requires license from ProQuest, LLC. 
538 |a System requirements: PDF reader software. 
500 |a Electronic resource. 
650 0 |a Child care services  |z United States. 
650 0 |a Child care services  |x Law and legislation  |z United States. 
655 7 |a Electronic books.  |2 local 
710 2 |a ProQuest (Firm) 
776 0 8 |i Print version:  |a United States. Congress. Senate. Committee on Labor and Human Resources. Subcommittee on Children, Family, Drugs and Alcoholism  |t Act for Better Child Care Services of 1989  |w (OCoLC)20317199  |w gp 89020054 
776 0 8 |i Microfiche version:  |a United States. Congress. Senate. Committee on Labor and Human Resources. Subcommittee on Children, Family, Drugs and Alcoholism  |t Act for Better Child Care Services of 1989.  |d [Bethesda, Md.] : ProQuest,[2004]  |o CIS 89 S541-33  |w (ProQuest)cis08902791 
810 1 |a United States.  |b Congress.  |b Senate.  |t S. hrg. ;  |v 101-135. 
830 0 |a U.S. Congressional Hearings. 
856 4 0 |u http://proxy.library.tamu.edu/login?url=https://congressional.proquest.com/congcomp/getdoc?HEARING-ID=HRG-1989-LHR-0013  |z Connect to the full text of this electronic book  |t 0 
998 |a cis08902791 
999 |a MARS 
999 f f |s 40d876e9-a300-3a02-a1f3-52ad3a22ec83  |i f1655710-99b6-3319-8606-0a9b7e104854  |t 0 
952 f f |a Texas A&M University  |b College Station  |c Electronic Resources  |s www_evans  |d Available Online  |t 0  |e HRG-1989-LHR-0013  |h Other scheme 
998 f f |a HRG-1989-LHR-0013  |t 0  |l Available Online